Champions et vice-champions de France de football (depuis 2000) - Statistiques

Statistiques générales
  • Ce quiz a été pris 3 596 fois
  • Le résultat moyen est 35 sur 36
Statistiques - réponses
Année Champion et vice-champion % Correct
2000 Paris Saint-Germain (58)
100%
2004 Paris Saint-Germain (76)
100%
2012 Paris Saint-Germain (79)
100%
2015 Paris Saint-Germain (83)
100%
2013 Paris Saint-Germain (83)
100%
2017 Paris Saint-Germain (87)
100%
2014 Paris Saint-Germain (89)
100%
2016 Paris Saint-Germain (96)
100%
2007 Olympique de Marseille (64)
99%
2011 Olympique de Marseille (68)
99%
2013 Olympique de Marseille (71)
99%
2009 Olympique de Marseille (77)
99%
2010 Olympique de Marseille (78)
99%
2001 Olympique lyonnais (64)
99%
2016 Olympique lyonnais (65)
99%
2002 Olympique lyonnais (66)
99%
2003 Olympique lyonnais (68)
99%
2010 Olympique lyonnais (72)
99%
2015 Olympique lyonnais (75)
99%
2008 Olympique lyonnais (79)
99%
2005 Olympique lyonnais (79)
99%
2004 Olympique lyonnais (79)
99%
2007 Olympique lyonnais (81)
99%
2006 Olympique lyonnais (84)
99%
2000 AS Monaco (65)
97%
2003 AS Monaco (67)
97%
2014 AS Monaco (80)
97%
2017 AS Monaco (95)
97%
2005 Lille OSC (67)
96%
2011 Lille OSC (76)
96%
2006 FC Girondins de Bordeaux (69)
93%
2008 FC Girondins de Bordeaux (75)
93%
2009 FC Girondins de Bordeaux (80)
93%
2012 Montpellier HSC (82)
91%
2001 FC Nantes (68)
87%
2002 RC Lens (64)
79%
Aucun quiz correspondant
Distribution des résultats
% des personnes avec chaque résultat
Percentile par nombre de réponses
Votre historique - résultats
Vous n’avez pas pris ce quiz